000
00214 a2200097 4500
001
27441
100
_a
Bailey, S D
245
_a
Peaceful settlement of disputes
260
_a
_b
Unitar
_c
1971
090
_c
18235
_d
18235
942
_a
NUST-CAE
_c
M
_c
9153
999
_c
262514
_d
262514